| 000 | 00946nam a22002657a 4500 | ||
|---|---|---|---|
| 003 | OSt | ||
| 005 | 20230224165844.0 | ||
| 008 | 220916b |||||||| |||| 00| 0 eng d | ||
| 020 | _a978 958 46 5063 4 | ||
| 040 | _cBiblioteca Lado V | ||
| 082 |
_aC868 _bG144e |
||
| 100 |
_9759 _aGil Marulanda, Alfredo _eautor |
||
| 245 | _aEscuela de Garaje/ | ||
| 260 |
_aBogota _bInstituto Distrital de Artes IDARTES _c2014 |
||
| 300 |
_a110p. _c11x17cm |
||
| 490 | _vvol. beta.indd | ||
| 650 |
_2Tesauro de Arte & Arquitectura _aNARRACION |
||
| 650 |
_2Tesauro de Arte & Arquitectura _aFOTOGRAFIA _9702 |
||
| 650 |
_2Tesauro de Arte & Arquitectura _aILUSTRACION |
||
| 650 |
_2Tesauro de Arte & Arquitectura _aLITERATURA |
||
| 650 |
_2Tesauro de Arte & Arquitectura _aESTILO LIBRE |
||
| 650 |
_2Tesauro de Arte & Arquitectura _aPOESIA |
||
| 651 |
_2Tesauro de Arte & Arquitectura _aCOLOMBIA |
||
| 942 |
_2ddc _c1 _hC868 _iG144e _n0 |
||
| 999 |
_c3079 _d3079 |
||